000 00711nam a22002417a 4500
003 UA-OsUOA
001 29562
007 ta
008 20041013b un ||||| |||| 00| 0 ukr d
100 _aМоренець В.П.
090 _a82.09(477)
_bМ79
942 _cBK
040 _aUA-OsUOA
_bukr
_cUA-OsUOA
_dUA-OsUOA
245 _aДжерела поетики Константи Ільдефонса Галчинського
_bмонографія
300 _a140 с.
955 _a1
041 _aukr
080 _a82.09(477)
260 _aКиїв
_bНаукова думка
_c1986
044 _aUA
650 7 _a82 Література. Літературознавство
_2UDC
999 _c315954
_d315954